000 00245nmm a2200085Ia 4500
008 220120s9999||||xx |||||||||||||||||und||
100 _aDigit
245 0 _a25 free horror games,trailors and wallpapers, games com 13 &
260 _aNine dot Nine
_c2013
999 _c139869
_d139869